000 01422nam a2200301 a 4500
001 BRCA_4951
005 20190320204856.0
008 221010s1700----sp-######v---#000-0#spa-#
041 _aspa
044 _asp
084 _aDOC51
_b.D63
_c1700
245 1 0 _aDocumento firmado por el [Rey Carlos II]
_cCarlos II.
260 _aMadrid
_c1700
300 _a[7] fojas
_c30 x 21 cm
500 _aDocumento firmado el 11 de abril de 1700
500 _aComunicación dirigida al Obispo de Puebla de los Ángeles con el Breve de su Santidad informándole que se ha servido concederle el subsidio de un millón de Ducados para la guerra contra los herejes (escoceses) encargándole de su excusión y cumplimiento, arreglándose a la instrucción que también se le remite.
500 _a[Real cédula] firmado como ´Yo el Rey´
500 _aEl documento tiene la leyenda DOC. #61
500 _aPapel con marca de agua
500 _aEstado de conservación: Contiene acidificación, esta maltratado en los márgenes
506 0 _aFondo reservado: para su consulta es necesario credencial de usuario y carta de motivos
546 _aTexto en: español del siglo XVIII
600 1 4 _aCarlos
_bII
_cRey de España
_d1661-1700
_912585
651 4 _aEspaña
_vManuscrito
_xHistoria
_yCasa de Austria, 1515-1700
_912586
651 4 _aMéxico
_vManuscrito
_xHistoria
_yColonia, 1521-1821
_912587
902 _aFDH
942 _2lcc
_cD
999 _c4645
_d4645